000 00491nam a2200193Ia 4500
005 20240823024247.0
008 240823s9999||||xx |||||||||||||| ||und||
020 _a978-0-07-066110-3
041 _aENGLISH
082 _A629.13236 P9
100 _aRobert Nelson C
245 0 _aFlight stability and Automatic Control
250 _a2nd
260 _c2009
_b"Tata Mcgraw Hill,New "
500 _aTRANSFERED
650 _aFlight
_bAerospace Engineering
942 _cBK
999 _c183501
_d183501